Sports Quiz

Random Sports or Baseball Quiz

Most Strikeouts In A Season (Since 1900) Quiz Stats

 Plays Quiz not verified by Sporcle

Challenge
Share
Tweet
Embed
Score 0/35 Timer 05:00
0 Plays Today
Year Player % Correct
2015Clayton Kershaw
100%
2017Chris Sale
100%
2001Randy Johnson
98.3%
1999Randy Johnson
98.3%
2000Randy Johnson
98.3%
2002Randy Johnson
98.3%
1998Randy Johnson
98.3%
1993Randy Johnson
98.3%
1973Nolan Ryan
98.1%
1974Nolan Ryan
98.1%
1977Nolan Ryan
98.1%
1972Nolan Ryan
98.1%
1976Nolan Ryan
98.1%
1910Walter Johnson
98.1%
1912Walter Johnson
98.1%
1989Nolan Ryan
98.1%
1965Sandy Koufax
88.4%
1966Sandy Koufax
88.4%
Year Player % Correct
1999Pedro Martinez
88.4%
1963Sandy Koufax
88.4%
1997Pedro Martinez
88.4%
1997Curt Schilling
81.9%
2002Curt Schilling
81.9%
1998Curt Schilling
81.9%
1972Steve Carlton
72.7%
1946Bob Feller
52.7%
1971Vida Blue
37.9%
1986Mike Scott
36.5%
1979J. R. Richard
35.7%
1978J. R. Richard
35.7%
1971Mickey Lolich
25.4%
1965Sam McDowell
23.2%
1970Sam McDowell
23.2%
1904Rube Waddell
20.5%
1903Rube Waddell
20.5%

You're not logged in!

Compare scores with friends on all Sporcle quizzes.
OR
Log In

You Might Also Like...

Show Comments

Extras

Top Quizzes Today


Score Distribution

Your Account Isn't Verified!

In order to create a playlist on Sporcle, you need to verify the email address you used during registration. Go to your Sporcle Settings to finish the process.

Report this User

Report this user for behavior that violates our Community Guidelines.

Details: